000 00327nam a2200109Ia 4500
008 220204s9999 xx 000 0 und d
082 _a633.8
_bTHO
100 _aThomas, J
245 0 _aAgronomic practices for aromatic and medicianal plants
260 _aCalicut
_bDirectorate of Arecanut & Spices Development
_c2000
942 _cBK
999 _c44224
_d44224